| 000 | 00821ntm a22002177a 4500 | ||
|---|---|---|---|
| 005 | 20170817103437.0 | ||
| 008 | 170802s2013 xx a frb 000 0 eng d | ||
| 040 |
_aEG-ScBUE _beng _cEG-ScBUE |
||
| 082 | 0 | 4 |
_a624 _bRAS _222 |
| 100 | 1 | _aRasoul, Ahmed Hesham Mahmoud. | |
| 245 | 1 | 0 |
_aInvestigating the challenges of the mega projects In the developing countries / _cby Ahmed Hesham Mahmoud El Rasoul. |
| 260 | _c2013. | ||
| 300 |
_av, 42 p. : _bill. (col.) ; _c28 cm. |
||
| 500 | _aA dissertation submitted to the faculty of Engineering, the British university in Egypt, in partial fulfillment of the requirements for the Bachelor degree in Civil Engineering. | ||
| 590 | _aMirna | ||
| 650 | 7 |
_aCivil Engineering. _vProjects _2BUEsh |
|
| 653 |
_bENGCIV _cAugust2017 |
||
| 655 | _vSPRO | ||
| 777 | _ASPRO | ||
| 942 | _2ddc | ||
| 999 |
_c25102 _d25074 |
||